Random Harry Potter Trivia - Statistics

General Stats
  • This quiz has been taken 3,373 times
  • The average score is 34 of 47
Answer Stats
Question Answer % Correct
Who were Harry's parents? James and Lily Potter
98%
Who are the Muggle aunt and uncle that Harry must live with every summer? Vernon and Petunia Dursley
92%
In the epilogue to "Harry Potter and the Deathly Hallows," to whom is Harry married? Ginny Weasley
91%
Who kills Dumbledore at the end of "The Half-Blood Prince"? Severus Snape
91%
Who is the Half-Blood Prince? Severus Snape
91%
Who was Tom Marvolo Riddle? Lord Voldemort
90%
Who was the Prisoner of Azkaban? Sirius Black
90%
What Hogwarts student is killed in Little Hangleton graveyard at the end of "The Goblet of Fire"? Cedric Diggory
88%
How was Bellatrix Lestrange related to Harry's godfather? Cousin
86%
Which Hogwarts professors teaches Transfiguration? Minerva McGonagall
86%
What kind of creature is Dobby? House-Elf
85%
At the end of "Harry Potter and the Sorcerer's Stone," which professor removes his turban to reveal Voldemort on the back of his head? Quirinus Quirrell
85%
What is the name of the Wizarding prison? Azkaban
83%
In order of birth, who are the seven Weasley siblings?(oldest to youngest) Bill, Charlie, Percy, Fred, George, Ron and Ginny
83%
What's the only book in the Harry Potter series that doesn't feature Lord Voldemort? Harry Potter and the Prisoner of Azkaban
81%
Another tidbit offered in the final epilogue is that this former Hogwarts student is now teaching Herbology at his alma mater. Neville Longbottom
79%
Who was Harry's favorite Defense Against the Dark Arts teacher? (Year 3) Professor R.J. Lupin
79%
What is the name of the town that Harry is not allowed to go to during his third year? Hogsmeade
77%
In book 3, who does Harry accidently blow up like a balloon? Aunt Marge
75%
What foul creatures guard^? Dementors
75%
In Book 4, Harry received much unwanted attention from which Daily Prophet reporter? Rita Skeeter
75%
What Quidditch position did Cho Chang play? Seeker
74%
Hogwarts gets its worst-ever Defense Against the Dark Arts Teacher in Book 5. Who was it? Dolores Jane Umbridge
73%
What rare language can Harry speak? Parseltongue
73%
In her third year, what does Hermione use to get to all of her classes? (even the ones that are at the same time!) Time-turner
73%
Which Weasley sibling dies in the Battle of Hogwarts? Fred
70%
Who is the Hogwarts Divination professor? Sibyll Trelawney
70%
What are the three Unforgivable Curses? (Written in alphabetical order) Avada Kedavra, Crucio, and Imperio
69%
What major Wizarding event does Harry go to with the Weasleys in book 4? The Quidditch World Cup
69%
What was the name of Harry's Defense Against the Dark Arts society? Dumbledore's Army
68%
What kind of creature is Fluffy? Hellhound
68%
Which Harry Potter word is now in the Oxford English Dictionary? Muggle
68%
What type of car did Mr. Weasley bewitch? Ford Anglia
67%
What does Voldemort ask Draco Malfoy to do in book 6? murder Albus Dumbledore
66%
In the first line of the first book of the Harry Potter series, we learn that Harry's aunt and uncle, the Dursleys, were proud to say that they were____________: perfectly normal
66%
At the beginning of "Harry Potter and the Half-Blood Prince" (Book 6), we meet a new Hogwarts professor. Who was he? Horace Slughorn
64%
According to Tom Riddle's diary, which Hogwarts employee is the heir of Slytherin? Rubeus Hagrid
64%
When Harry meets Luna Lovegood for the first time, which publication is she reading? The Quibbler
63%
Where did ^ meet? The Room of Requirement
61%
In Book 3, Harry nearly dies several times after catching a glimpse of which death omen? The Grim
60%
Who first shows Harry the diary of Tom Riddle? Moaning Myrtle
59%
Which horse-like creatures pull the school carriages at Hogwarts? Thestrals
57%
The first Harry Potter theme park opened in 2010. Where is it? Orlando, Fla
56%
What one type of charm does Professor Gilderoy Lockhart excel with? Memory Charms
55%
What magical object must Draco Malfoy repair in order to carry out his instructions from Voldemort? Vanishing Cabinet
55%
What's the name of the fairy-tale book that Dumbledore bequeaths to Hermione in "The Deathly Hallows"? The Tales of Beedle the Bard
47%
How many copies did "Harry Potter and the Deathly Hallows" sell the first day of its release in the U.S. and the U.K.? 11 million
9%
No matching quizzes found
Score Distribution
Percent of People with Each Score
Percentile by Number Answered
Your Score History
You have not taken this quiz